=LDR 00000nam 2200000 4500 =001 001033 =005 20250712032244 =035 ##$$a 0010-0725000912 =007 ta =008 250712################a##########0#ind## =020 ##$$a 978-623-472-255-0 =082 ##$$a 398.209 598 =084 ##$$a 398.209 598 THE l =100 #$$a Thevaraja, Mythily =245 1#$$a Layang-Layang Thambu /$c Mythily Thevaraja =250 ##$$a cetakan pertama =260 ##$$a jakarta :$b badan pengembangan dan pembinaan bahasa,$c 2022 =300 ##$$a 20 hlm. : $b ilus. ; $c 22,9 cm$e 398.209 598 =650 #4$$a Cerita Anak Indonesia =856 ##$$a TBM AS SUHADA =990 ##$$a TBM202400765